Understanding your child's behavior. (Record no. 17108)

000 -LEADER
fixed length control field 00485nam a2200169 a 4500
001 - CONTROL NUMBER
control field :::00020828$&:&@@
003 - CONTROL NUMBER IDENTIFIER
control field OkBaRHE
005 - DATE AND TIME OF LATEST TRANSACTION
control field 20040114123744.0
008 - FIXED-LENGTH DATA ELEMENTS--GENERAL INFORMATION
fixed length control field s1977 j 000 0 eng u
040 ## - CATALOGING SOURCE
Transcribing agency
100 1# - MAIN ENTRY--PERSONAL NAME
Personal name LaHaye, Beverly
245 10 - TITLE STATEMENT
Title Understanding your child's behavior.
260 ## - PUBLICATION, DISTRIBUTION, ETC. (IMPRINT)
Place of publication, distribution, etc Eugene, OR
Name of publisher, distributor, etc Harvest House
Date of publication, distribution, etc 1977
300 ## - PHYSICAL DESCRIPTION
Extent 43 p.
942 ## - ADDED ENTRY ELEMENTS (KOHA)
Source of classification or shelving scheme
Koha item type Books
Copies
Full call number Withdrawn status Barcode Source of classification or shelving scheme Date last seen Copy number Koha item type Date acquired Not for loan Lost status Damaged status Permanent Location Price effective from Shelving location
HQ 769 .L3 20828 2010-04-141Books2010-04-14   RHEMA Bible Training College2010-04-14General Stacks